Central Library OPAC University of Rajshahi
Normal view MARC view

Entry Personal Name

Number of records used in: 2

001 - CONTROL NUMBER

  • control field: 12667

003 - CONTROL NUMBER IDENTIFIER

  • control field: BD-RjUL

005 - DATE AND TIME OF LATEST TRANSACTION

  • control field: 20240423094713.0

008 - FIXED-LENGTH DATA ELEMENTS

  • fixed length control field: 240423|| aca||aabn | a|a d

040 ## - CATALOGING SOURCE

  • Original cataloging agency: BD-RjUL
  • Transcribing agency: BD-RjUL

100 ## - HEADING--PERSONAL NAME

  • Personal name: Haque, A.B.M. Hamidul

670 ## - SOURCE DATA FOUND

  • Source citation: Work cat.: (BD-RjUL)83561: Haque, A.B.M. Hamidul, Studies on some Nitrogen-Sulphur Compunds and their Metal Salts /, 2006